| 000 | 00452nam a22001817a 4500 | ||
|---|---|---|---|
| 003 | MPLRDC | ||
| 005 | 20220104123312.0 | ||
| 008 | 210129b ||||| |||| 00| 0 eng d | ||
| 020 | _a962-17-0459-6 | ||
| 082 | _a830.8 BY v.26 | ||
| 100 | _a黄爱媚 | ||
| 245 |
_a万情流转 _c |
||
| 260 |
_a _b博益出版集团有限公司 _c1988 |
||
| 300 | _b平 | ||
| 490 | _a博益浪漫系列 | ||
| 650 | _a中国文学总集 | ||
| 942 |
_cBK _o830.8 BY v.26 |
||
| 999 |
_c10203 _d10193 |
||